000 00745nam a2200229 a 4500
001 48747
003 BD-RjUL
005 20211209054558.0
008 160816b1972 bg ||||| |||| 00| 0 ben d
020 _cTK:4.00
035 _a(BD-RjUL)48866
040 _aBD-RjUL
_bben
_cBD-RjUL
041 _aben
082 _223
_a891.441
_bMAK 1972
100 _aমজহার, ফরহাদ
_9147063
245 _aখোকন এবং তার প্রতিপুরুষ /
_cফরহাদ মজহার
260 _aঢাকা :
_bরফিক নওশাদ,
_c১৯৭২
300 _a৫২ পৃ. ;
_c২২ সেমি.
650 _aবাংলা কবিতা
_9147064
650 _aBangla poem
_9147065
942 _2ddc
_cBK
999 _c48747
_d48747